| 000 | 00579nam a2200193Ia 4500 | ||
|---|---|---|---|
| 005 | 20250423094632.0 | ||
| 008 | 250422s9999 xx 000 0 und d | ||
| 020 | _a9789785562088 | ||
| 050 | _aDT 515.846 .M64/ | ||
| 100 | _aMoghalu, Kingsley | ||
| 245 | 0 | _aBuild, innovate and grow : my vision for our country | |
| 250 | _a2nd ed. | ||
| 260 | _aIbadan, Nigeria | ||
| 260 | _bBookcraft | ||
| 260 | _c2019 | ||
| 300 | _a301 p | ||
| 650 | _aNational characteristics, Nigerian. Economic development--Nigeria. Nigeria--Politics and government--21st century. | ||
| 942 | _cBK | ||
| 999 |
_c27840 _d27840 |
||